5 Años de logros : avances y esfuerzos del sector educativo (Record no. 61575)
[ view plain ]
| 000 -CABECERA | |
|---|---|
| campo de control de longitud fija | 00605nam a2200205 a 4500 |
| 005 - FECHA Y HORA DE LA ÚLTIMA TRANSACCIÓN | |
| campo de control | 20251210064044.0 |
| 008 - ELEMENTOS DE LONGITUD FIJA--INFORMACIÓN GENERAL | |
| campo de control de longitud fija | 991125n 000 0 spa u |
| 035 ## - NÚMERO DE CONTROL DEL SISTEMA | |
| Número de control de sistema | UPN01000062217 |
| 222 ## - TÍTULO CLAVE | |
| Título clave | COMUNICACION EDUCATIVA SEP |
| 245 ## - MENCIÓN DE TÍTULO | |
| Título | 5 Años de logros : avances y esfuerzos del sector educativo |
| 300 ## - DESCRIPCIÓN FÍSICA | |
| Extensión | [1], 8-9 |
| 362 ## - FECHAS DE PUBLICACIÓN Y/O DESIGNACIÓN SECUENCIAL | |
| Fecha de publicación y/o designación secuencial | 1987 Año 5, no. 51, dic. |
| 650 #2 - ASIENTO SECUNDARIO DE MATERIA - TERMINO TEMATICO | |
| Término de materia o nombre geográfico como elemento de entrada | Sistema educativo |
| 9 (RLIN) | 8050 |
| 650 #4 - ASIENTO SECUNDARIO DE MATERIA - TERMINO TEMATICO | |
| Término de materia o nombre geográfico como elemento de entrada | Educación preescolar |
| 9 (RLIN) | 1517 |
| 650 #4 - ASIENTO SECUNDARIO DE MATERIA - TERMINO TEMATICO | |
| Término de materia o nombre geográfico como elemento de entrada | Educación primaria |
| 9 (RLIN) | 1552 |
| 650 #7 - ASIENTO SECUNDARIO DE MATERIA - TERMINO TEMATICO | |
| Término de materia o nombre geográfico como elemento de entrada | Educación secundaria |
| Fuente del encabezamiento o término | |
| 9 (RLIN) | 4281 |
| 904 ## - ELEMENTOS DE DATOS D LOCAL, LDD (RLIN) | |
| a | AC |
| b | 000028 |
| 905 ## - TIPO DE MATERIAL | |
| Tipo de material | Articulo |
No items available.
